Variabilidad espacial y temporal de fertilidad edáfica en un diseño de bloques /

Guardado en:
Autor Principal: Orden, Luciano.
Autor Corporativo: Universidad Nacional del Sur. Departamento de Agronomía.
Otros Autores: Ron, María de las Mercedes, (tutor.)
Formato: Libro
Idioma:Spanish
Publicado: Bahía Blanca, 2010.
Etiquetas: Agregar Etiqueta
Sin Etiquetas, Sea el primero en etiquetar este registro!
LEADER 00711nam a22001695a 4500
001 EEA.libagro008409
005 20171003083400.0
008 130809s2010####ag#a##########000#0#spa#d
082 0 4 |a 631.42 
100 1 |a Orden, Luciano. 
245 1 0 |a Variabilidad espacial y temporal de fertilidad edáfica en un diseño de bloques /  |c Luciano Orden. 
260 |a Bahía Blanca,  |c 2010. 
300 |a 42 h. :  |b il. ;  |c 30 cm. 
500 |a Trabajo de intensificación (Ingeniero Agrónomo) -- Universidad Nacional del Sur. Departamento de Agronomía, 2010. 
700 1 |a Ron, María de las Mercedes,  |e tutor. 
710 2 |a Universidad Nacional del Sur.  |b Departamento de Agronomía. 
859 |a AR-BbBCA  |b BIB. AGRONOMIA  |h 631.42  |i O65  |p 2011/5822